Histoire philosophique et politique de Russie, depuis le temps les plus reculés, jusqu'a nos jours

Detalles Bibliográficos
Autor principal: Esneaux, Joseph
Formato: Libro
Lenguaje:French
Publicado: Paris 1828-1830
Materias:
Colección:Banco de datos
Acervo:Biblioteca Pública Central del Estado de Durango. Lic. José Ignacio Gallegos Caballero. Colección José Fernando Ramírez
Descripción Física:5 t. 4°
Tema general:Historia civil
Notas:Portada con pleca y monograma del impresor. Título de la anteportada: Histoire philosophique et politique de Russie, depuis les temps les plus reculés, jusqu'a nos jours. Cada tomo con portada y numeración propias. Año del t. 1 publicado en 1828; t. 2: 1829; t. 3-4: 1830. Paginación: t. 1 (IV, 494 p., [1] h.); t. 2 (478 p.); t. 3 (447 p., [1] h.); t. 4 (503 p.); t. 5 (510 p.). Encuadernación en cartón con lomo en piel (5416-5420). Sello en tinta de José Fernando Ramírez (5416-5420). Sello en tinta de la Biblioteca Pública del Estado de Durango (5416-5420). Daños en la encuadernación (5419, 5420)
LEADER 01310nam a22001810004500
035 |a 2312 
041 0 |a fre 
100 1 |a Esneaux, Joseph 
245 1 0 |a Histoire philosophique et politique de Russie, depuis le temps les plus reculés, jusqu'a nos jours  |c par J. Esneaux 
260 |a Paris  |b J. Corréard jeune, éditeur  |c 1828-1830 
300 |a 5 t.  |c 4° 
500 |a Portada con pleca y monograma del impresor. Título de la anteportada: Histoire philosophique et politique de Russie, depuis les temps les plus reculés, jusqu'a nos jours. Cada tomo con portada y numeración propias. Año del t. 1 publicado en 1828; t. 2: 1829; t. 3-4: 1830. Paginación: t. 1 (IV, 494 p., [1] h.); t. 2 (478 p.); t. 3 (447 p., [1] h.); t. 4 (503 p.); t. 5 (510 p.). Encuadernación en cartón con lomo en piel (5416-5420). Sello en tinta de José Fernando Ramírez (5416-5420). Sello en tinta de la Biblioteca Pública del Estado de Durango (5416-5420). Daños en la encuadernación (5419, 5420) 
504 |a Índice general de contenido 
650 1 0 |a Historia civil 
949 |a CR. t. 1 (5416); t. 2 (5417); t. 3 (5418); t. 4 (5419); t. 5 (5420) 
942 |c DURANRAM 
943 |g Biblioteca Pública Central del Estado de Durango. Lic. José Ignacio Gallegos Caballero. Colección José Fernando Ramírez 
999 |c 1079242  |d 1079242